1830 1568 1012 1722 1080 1192 1442 1274 1158 1458 1479 1868 1232 1592 1234 1428 1175 1700 1644 1316 1104 1366 1785 1142 1906 1491 1644 1323 1433 1880 1359 1731 1304 1723 1853 1672 1548 1504 1680 1276 1247 1971 1127 1767 1208 1228 1955 1101 1390 1207 1864 1200 1918 1745 1350 1183 1790 1487 1448 1478 1900 1224 1665 1112 1150 1298 1198 1426 1202 1714 1192 1148 1051 1899 1889 1155 1082 1641 1705 1802 1072 1869 1598 1387 1466 1351 1998 1640 1134 1548 1916 1811 1082 1745 1206 1643 1647 1550 1806 BCNSPRNW ULIB Ver.6.0+V

เปลี่ยนเป็นภาษาไทย

Change to English
 แสดงรายละเอียดบรรณานุกรม
  กลับหน้าหลัก

Brief Record : Get Marc (ISO 2709) : E-mail record : QR code < ปิดหน้าต่าง
LEADER : 00000nam 2200000uu 4500
001    13399122801
003     ULIB
008    020711s2545 th a 000 0 tha d
020    974294821
060    WT166^bส111ก
110    กรมการแพทย์^bสถาบันเวชศาสตร์ผู้สูงอายุ
245    การออกกำลังกายทั่วไปเฉพาะโรค ผู้สูงอายุ /^cสถาบันเวชศาสตร์ผู้สูงอายุ
250    พิมพ์ครั้งที่ 1
260    นนทบุรี :^bสถาบันเวชศาสตร์ผู้สูงอายุ,^c2545
300    226 หน้า
650    ออกกำลังกาย
945    ^p0^l0^i12335
999    ^aกัณชพร
รายการนี้ยังไม่มีแท็ก
คุณยังไม่ได้ล็อกอิน คุณสามารถมีกิจกรรมร่วมกับเว็บไซต์ได้ แต่ต้องล็อกอินก่อน ::
  ล็อกอิน

รายการสื่อสารสนเทศ

ลำดับที่ ประเภท เลขเรียก/บาร์โค้ด สถานที่ สถานะ
1. วิทยาศาสตร์การแพทย์ และสุขภาพ
วิทยาศาสตร์การแพทย์ และสุขภาพ
WT166 ส111ก ฉ.1 
  Barcode: 12335
ห้องสมุดวิทยาเขตนครสวรรค์
►หนังสือทั่วไป:l:General Books
บนชั้น

รายการใกล้เคียง
    หัวเรื่อง [ออกกำลังกาย]

BibComment


ยังไม่เคยถูกคอมเมนท์

คอมเมนท์ทรัพยากรรายการนี้
  คอมเมนท์: การออกกำลังกายทั่..


 Copyright 2026. Bcnsprnw @Library